000 00549nam a22001937a 4500
003 OSt
005 20240627113937.0
008 240627b |||||||| |||| 00| 0 eng d
020 _a9780711227989
040 _cMUST
082 _a364.1967 KNI 2007
100 _aKnight , Cassie
_918247
245 _aBrazzaville Charms
_b: magic and rebellion in the republic of Congo
260 _aLondon
_b: Frances Lincoln limited
300 _a239p.
_b: ill
_c; 22cm
504 _aincludes index
650 _aMagic and rebellion
_918248
942 _2ddc
_cO_SHELF
999 _c8992
_d8992